The 12 Zodiac Signs (Western Astrology) - Statistics

General Stats
  • This quiz has been taken 22 times
  • The average score is 10 of 12
Answer Stats
Answer % Correct
Libra
89%
Cancer
83%
Capricorn
83%
Gemini
83%
Scorpio
83%
Taurus
83%
Leo
78%
Sagittarius
78%
Virgo
78%
Aquarius
72%
Aries
72%
Pisces
72%
No matching quizzes found
Score Distribution
Percent of People with Each Score
Percentile by Number Answered
Your Score History
You have not taken this quiz